LEADER 00912nam0 2200277 450 001 000007286 005 20061025110117.0 010 $aVol I: 88-13-25864-X 100 $a20061002d2005----km-y0itay50------ba 101 0 $aita 102 $aIT 105 $ay-------001yy 200 1 $aLezioni di diritto ecclesiastico$fSandro Gherro 210 $aPadova$cCedam$d2005 215 $av.$d24 cm 225 2 $aDiritto canonico - Diritto ecclesiastico$fpubblicazioni a cura di Sandro Gherro$v10 327 0 $aI: Nozioni storiche e parte generale 410 0$12001$aDiritto canonico - Diritto ecclesiastico 610 1 $aDiritto ecclesiastico$aManuali 676 $a342.450852$v20 700 1$aGherro,$bSandro$0229558 801 0$aIT$bUNIPARTHENOPE$c20061002$gRICA$2UNIMARC 912 $a000007286 951 $aDE-0011$b38481$cNAVA3$d2006 996 $aLezioni di diritto ecclesiastico$9247829 997 $aUNIPARTHENOPE